[Event "45th FIDE Chess Olympiad Open"]
[Site "Budapest, Hungary"]
[Date "2024.09.11"]
[Round "1"]
[White "Suleymenov, Alisher"]
[Black "Yeung, Jason"]
[Result "1-0"]
[Board "162"]
[WhiteFideId "13707833"]
[BlackFideId "8203970"]
[WhiteTitle "GM"]
[WhiteElo "2484"]
[BlackElo "1993"]
[WhiteTeam "Kazakhstan"]
[BlackTeam "Suriname"]
[WhiteClock "0:03:53"]
[BlackClock "0:00:37"]
[Variant "Standard"]

1. d4 {[%clk 1:30:56]}  d5 {[%clk 1:30:25]} 2. c4 {[%clk 1:30:43]}  c6 {[%clk 1:29:47]} 3. Nf3 {[%clk 1:31:06]}  Nf6 {[%clk 1:29:36]} 4. Nc3 {[%clk 1:27:44]}  dxc4 {[%clk 1:19:53]} 5. e4 {[%clk 1:27:00]}  b5 {[%clk 1:18:56]} 6. a4 {[%clk 1:26:57]}  b4 {[%clk 1:11:56]} 7. Na2 {[%clk 1:25:02]}  a5 {[%clk 1:09:18]} 8. e5 {[%clk 1:08:50]}  Nd5 {[%clk 1:08:34]} 9. Bxc4 {[%clk 1:09:14]}  e6 {[%clk 1:04:15]} 10. Bg5 {[%clk 1:02:01]}  Qb6 {[%clk 0:58:48]} 11. O-O {[%clk 0:59:52]}  h6 {[%clk 0:57:38]} 12. Bh4 {[%clk 0:59:29]}  Ba6 {[%clk 0:51:11]} 13. Rc1 {[%clk 0:42:58]}  Nd7 {[%clk 0:43:26]} 14. Re1 {[%clk 0:41:22]}  g5 {[%clk 0:31:41]} 15. Bg3 {[%clk 0:41:23]}  Be7 {[%clk 0:30:43]} 16. h3 {[%clk 0:34:08]}  Bxc4 {[%clk 0:25:53]} 17. Rxc4 {[%clk 0:33:56]}  c5 {[%clk 0:24:39]} 18. dxc5 {[%clk 0:29:35]}  Nxc5 {[%clk 0:22:31]} 19. Nd4 {[%clk 0:29:18]}  Rd8 {[%clk 0:18:17]} 20. Nc1 {[%clk 0:28:09]}  Qa6 {[%clk 0:16:01]} 21. Qc2 {[%clk 0:23:16]}  Nb6 {[%clk 0:12:32]} 22. Rxc5 {[%clk 0:22:03]}  Rxd4 {[%clk 0:11:45]} 23. Rb5 {[%clk 0:18:19]}  O-O {[%clk 0:07:55]} 24. Qc6 {[%clk 0:17:02]}  Bd8 {[%clk 0:05:18]} 25. Nb3 {[%clk 0:10:58]}  Rc4 {[%clk 0:05:03]} 26. Nc5 {[%clk 0:10:16]}  Qc8 {[%clk 0:04:00]} 27. Qxc8 {[%clk 0:10:18]}  Nxc8 {[%clk 0:04:28]} 28. Nd7 {[%clk 0:09:58]}  Re8 {[%clk 0:04:21]} 29. Nf6+ {[%clk 0:08:11]}  Kf8 {[%clk 0:03:17]} 30. Nxe8 {[%clk 0:08:27]}  Kxe8 {[%clk 0:03:45]} 31. f3 {[%clk 0:01:48]}  Rc2 {[%clk 0:02:17]} 32. Bf2 {[%clk 0:01:49]}  Ne7 {[%clk 0:01:44]} 33. Rb1 {[%clk 0:01:28]}  Nd5 {[%clk 0:01:57]} 34. Rc5 {[%clk 0:01:20]}  Rxf2 {[%clk 0:00:51]} 35. Kxf2 {[%clk 0:01:09]}  Bb6 {[%clk 0:01:16]} 36. Rbc1 {[%clk 0:01:30]}  Nc3 {[%clk 0:00:48]} 37. bxc3 {[%clk 0:01:53]}  Bxc5+ {[%clk 0:01:10]} 38. Ke2 {[%clk 0:02:20]}  Kd7 {[%clk 0:00:35]} 39. cxb4 {[%clk 0:02:05]}  Bxb4 {[%clk 0:00:59]} 40. Kd3 {[%clk 0:02:31]}  h5 {[%clk 0:00:42]} 41. Ke4 {[%clk 0:02:25]}  h4 {[%clk 0:00:46]} 42. Rc2 {[%clk 0:02:26]}  Be7 {[%clk 0:00:54]} 43. f4 {[%clk 0:02:32]}  gxf4 {[%clk 0:00:52]} 44. Kxf4 {[%clk 0:02:58]}  Ke8 {[%clk 0:00:38]} 45. Kg4 {[%clk 0:03:14]}  Kd7 {[%clk 0:00:34]} 46. Rf2 {[%clk 0:03:21]}  Ke8 {[%clk 0:00:52]} 47. Kh5 {[%clk 0:03:37]}  Kf8 {[%clk 0:00:33]} 48. Rf4 {[%clk 0:03:46]}  Kg7 {[%clk 0:00:37]} 49. Rc4 {[%clk 0:03:53]} 1-0

[Event "45th FIDE Chess Olympiad Open"]
[Site "Budapest, Hungary"]
[Date "2024.09.11"]
[Round "1"]
[White "Al Maashani, Amer"]
[Black "Haring, Filip"]
[Result "0-1"]
[Board "169"]
[WhiteFideId "22000100"]
[BlackFideId "14933080"]
[WhiteTitle "FM"]
[BlackTitle "IM"]
[WhiteElo "1979"]
[BlackElo "2503"]
[WhiteTeam "Oman"]
[BlackTeam "Slovakia"]
[WhiteClock "0:23:52"]
[BlackClock "0:38:02"]
[Variant "Standard"]

1. d4 {[%clk 1:30:58]}  Nf6 {[%clk 1:30:49]} 2. c4 {[%clk 1:31:22]}  e6 {[%clk 1:31:11]} 3. Nc3 {[%clk 1:31:47]}  Bb4 {[%clk 1:30:39]} 4. e3 {[%clk 1:31:40]}  O-O {[%clk 1:30:46]} 5. Nge2 {[%clk 1:31:52]}  c6 {[%clk 1:29:16]} 6. a3 {[%clk 1:31:39]}  Ba5 {[%clk 1:29:38]} 7. b4 {[%clk 1:22:48]}  Bc7 {[%clk 1:28:41]} 8. Ng3 {[%clk 1:21:34]}  d5 {[%clk 1:27:51]} 9. f4 {[%clk 1:11:46]}  a5 {[%clk 1:26:54]} 10. Rb1 {[%clk 1:05:35]}  axb4 {[%clk 1:25:57]} 11. axb4 {[%clk 1:06:03]}  Nbd7 {[%clk 1:16:15]} 12. Bd3 {[%clk 0:40:12]}  dxc4 {[%clk 1:11:34]} 13. Bxc4 {[%clk 0:40:39]}  Nd5 {[%clk 1:10:25]} 14. Bd2 {[%clk 0:28:41]}  N7b6 {[%clk 1:02:20]} 15. Bd3 {[%clk 0:27:51]}  Nxc3 {[%clk 0:57:49]} 16. Bxc3 {[%clk 0:28:19]}  Nd5 {[%clk 0:57:49]} 17. Qc1 {[%clk 0:25:29]}  c5 {[%clk 0:54:47]} 18. O-O {[%clk 0:19:21]}  Nxc3 {[%clk 0:48:26]} 19. Qxc3 {[%clk 0:19:49]}  cxd4 {[%clk 0:48:42]} 20. exd4 {[%clk 0:14:49]}  Bb6 {[%clk 0:47:41]} 21. Ne2 {[%clk 0:14:35]}  Bd7 {[%clk 0:44:51]} 22. Kh1 {[%clk 0:14:09]}  Bc6 {[%clk 0:44:17]} 23. Rbd1 {[%clk 0:10:11]}  Qd5 {[%clk 0:41:47]} 24. Rf3 {[%clk 0:08:42]}  Rfd8 {[%clk 0:36:28]} 25. Rg3 {[%clk 0:06:12]}  g6 {[%clk 0:35:48]} 26. b5 {[%clk 0:04:47]}  Bxb5 {[%clk 0:33:16]} 27. Rg5 {[%clk 0:03:42]}  f5 {[%clk 0:32:27]} 28. h4 {[%clk 0:02:50]}  Rdc8 {[%clk 0:28:15]} 29. Qb4 {[%clk 0:02:43]}  Bxd3 {[%clk 0:27:51]} 30. Rxd3 {[%clk 0:03:10]}  Bd8 {[%clk 0:28:09]} 31. Nc3 {[%clk 0:01:46]}  Qc4 {[%clk 0:25:28]} 32. Qxc4 {[%clk 0:02:14]}  Rxc4 {[%clk 0:25:50]} 33. Rgg3 {[%clk 0:02:37]}  Bxh4 {[%clk 0:25:52]} 34. Rge3 {[%clk 0:03:05]}  Bf6 {[%clk 0:21:57]} 35. Nb5 {[%clk 0:02:28]}  Ra6 {[%clk 0:20:14]} 36. d5 {[%clk 0:01:54]}  exd5 {[%clk 0:19:29]} 37. Rxd5 {[%clk 0:01:59]}  Rxf4 {[%clk 0:18:20]} 38. g3 {[%clk 0:00:43]}  Rf2 {[%clk 0:17:49]} 39. Kg1 {[%clk 0:00:40]}  Rc2 {[%clk 0:16:06]} 40. Re1 {[%clk 0:00:43]}  Kg7 {[%clk 0:13:46]} 41. Nd6 {[%clk 0:00:36]}  Kh6 {[%clk 0:10:30]} 42. Nf7+ {[%clk 0:26:16]}  Kh5 {[%clk 0:40:18]} 43. Rf1 {[%clk 0:25:06]}  Raa2 {[%clk 0:39:26]} 44. Rfd1 {[%clk 0:24:08]}  Rg2+ {[%clk 0:39:26]} 45. Kh1 {[%clk 0:23:52]}  Kg4 {[%clk 0:38:02]} 0-1

[Event "45th FIDE Chess Olympiad Open"]
[Site "Budapest, Hungary"]
[Date "2024.09.11"]
[Round "1"]
[White "Pereira, Ruben"]
[Black "Abdul Rahman, Ali"]
[Result "1-0"]
[Board "215"]
[WhiteFideId "1903063"]
[BlackFideId "16700066"]
[WhiteTitle "IM"]
[BlackTitle "CM"]
[WhiteElo "2457"]
[BlackElo "1844"]
[WhiteTeam "Portugal"]
[BlackTeam "Maldives"]
[WhiteClock "0:08:34"]
[BlackClock "0:54:53"]
[Variant "Standard"]

1. e4 {[%clk 1:30:54]}  e6 {[%clk 1:30:17]} 2. d4 {[%clk 1:31:16]}  d5 {[%clk 1:30:26]} 3. Nc3 {[%clk 1:31:07]}  Bb4 {[%clk 1:29:32]} 4. exd5 {[%clk 1:30:46]}  exd5 {[%clk 1:29:52]} 5. Bd3 {[%clk 1:30:57]}  Nf6 {[%clk 1:29:47]} 6. Nge2 {[%clk 1:30:53]}  O-O {[%clk 1:29:40]} 7. O-O {[%clk 1:31:00]}  Re8 {[%clk 1:29:50]} 8. Ng3 {[%clk 1:26:36]}  Bg4 {[%clk 1:29:44]} 9. f3 {[%clk 1:26:04]}  Be6 {[%clk 1:29:39]} 10. Nce2 {[%clk 1:23:15]}  c6 {[%clk 1:29:14]} 11. Nf4 {[%clk 1:17:02]}  Nbd7 {[%clk 1:28:49]} 12. c3 {[%clk 1:08:07]}  Bd6 {[%clk 1:28:29]} 13. Nxe6 {[%clk 1:00:19]}  fxe6 {[%clk 1:28:41]} 14. f4 {[%clk 0:58:43]}  Qc7 {[%clk 1:28:02]} 15. Be3 {[%clk 0:54:16]}  a6 {[%clk 1:26:57]} 16. Nh5 {[%clk 0:50:31]}  b5 {[%clk 1:24:44]} 17. Nxf6+ {[%clk 0:48:53]}  Nxf6 {[%clk 1:25:00]} 18. Qf3 {[%clk 0:49:10]}  Qf7 {[%clk 1:22:40]} 19. h3 {[%clk 0:46:29]}  Nd7 {[%clk 1:20:54]} 20. Rae1 {[%clk 0:43:25]}  Nf8 {[%clk 1:20:09]} 21. Re2 {[%clk 0:39:28]}  Re7 {[%clk 1:10:49]} 22. Bd2 {[%clk 0:35:56]}  Rae8 {[%clk 1:10:42]} 23. Ref2 {[%clk 0:35:06]}  Rc7 {[%clk 1:10:56]} 24. a4 {[%clk 0:27:53]}  Ra7 {[%clk 1:09:28]} 25. Qg4 {[%clk 0:24:48]}  Nd7 {[%clk 1:08:58]} 26. Qh4 {[%clk 0:24:56]}  Nf8 {[%clk 1:09:05]} 27. Rf3 {[%clk 0:22:42]}  Kh8 {[%clk 1:07:23]} 28. Qf2 {[%clk 0:22:47]}  Rc7 {[%clk 1:06:36]} 29. Be3 {[%clk 0:22:11]}  Nd7 {[%clk 1:06:01]} 30. axb5 {[%clk 0:21:34]}  axb5 {[%clk 1:06:02]} 31. Ra1 {[%clk 0:21:48]}  Rb7 {[%clk 1:05:50]} 32. Ra6 {[%clk 0:21:46]}  Nb8 {[%clk 1:06:03]} 33. Qh4 {[%clk 0:18:27]}  g6 {[%clk 1:06:25]} 34. Ra1 {[%clk 0:18:01]}  Be7 {[%clk 1:06:42]} 35. Qf2 {[%clk 0:18:11]}  Bf6 {[%clk 1:06:48]} 36. h4 {[%clk 0:18:01]}  Qe7 {[%clk 1:05:48]} 37. Rh3 {[%clk 0:17:58]}  Rf8 {[%clk 1:04:26]} 38. h5 {[%clk 0:18:27]}  g5 {[%clk 1:04:55]} 39. fxg5 {[%clk 0:18:39]}  Bg7 {[%clk 1:03:55]} 40. Rf3 {[%clk 0:18:00]}  Rxf3 {[%clk 1:01:48]} 41. Qxf3 {[%clk 0:18:22]}  Qf7 {[%clk 1:00:31]} 42. h6 {[%clk 0:17:27]}  Bf8 {[%clk 1:00:54]} 43. Bf4 {[%clk 0:17:21]}  Kg8 {[%clk 1:01:08]} 44. Ra8 {[%clk 0:16:36]}  Nd7 {[%clk 1:00:17]} 45. Qg4 {[%clk 0:08:50]}  Nb6 {[%clk 0:58:12]} 46. g6 {[%clk 0:08:13]}  hxg6 {[%clk 0:55:15]} 47. Bxg6 {[%clk 0:08:19]}  Qe7 {[%clk 0:54:53]} 48. Bf5+ {[%clk 0:08:34]} 1-0

[Event "45th FIDE Chess Olympiad Open"]
[Site "Budapest, Hungary"]
[Date "2024.09.11"]
[Round "1"]
[White "Ynojosa Aponte, Felix Jose"]
[Black "Winston Gerald, Mansfield Thomas"]
[Result "1-0"]
[Board "266"]
[WhiteFideId "3900258"]
[BlackFideId "17800048"]
[WhiteTitle "IM"]
[WhiteElo "2398"]
[BlackElo "1950"]
[WhiteTeam "Venezuela"]
[BlackTeam "Sierra Leone"]
[WhiteClock "0:00:00"]
[BlackClock "0:00:00"]
[Variant "Standard"]

1. c4 {[%clk 0:00:00]}  Nf6 {[%clk 0:00:00]} 2. Nc3 {[%clk 0:00:00]}  d6 {[%clk 0:00:00]} 3. d4 {[%clk 0:00:00]}  c6 {[%clk 0:00:00]} 4. e4 {[%clk 0:00:00]}  Qa5 {[%clk 0:00:00]} 5. f3 {[%clk 0:00:00]}  e5 {[%clk 0:00:00]} 6. d5 {[%clk 0:00:00]}  cxd5 {[%clk 0:00:00]} 7. cxd5 {[%clk 0:00:00]}  a6 {[%clk 0:00:00]} 8. Be3 {[%clk 0:00:00]}  Nbd7 {[%clk 0:00:00]} 9. a3 {[%clk 0:00:00]}  Be7 {[%clk 0:00:00]} 10. Nge2 {[%clk 0:00:00]}  O-O {[%clk 0:00:00]} 11. g4 {[%clk 0:00:00]}  b5 {[%clk 0:00:00]} 12. Qd2 {[%clk 0:00:00]}  Qc7 {[%clk 0:00:00]} 13. Ng3 {[%clk 0:00:00]}  Nc5 {[%clk 0:00:00]} 14. Rd1 {[%clk 0:00:00]}  Nb3 {[%clk 0:00:00]} 15. Qc2 {[%clk 0:00:00]}  Na5 {[%clk 0:00:00]} 16. g5 {[%clk 0:00:00]}  Ne8 {[%clk 0:00:00]} 17. h4 {[%clk 0:00:00]}  Nc4 {[%clk 0:00:00]} 18. Bc1 {[%clk 0:00:00]}  f6 {[%clk 0:00:00]} 19. Nf5 {[%clk 0:00:00]}  Bxf5 {[%clk 0:00:00]} 20. exf5 {[%clk 0:00:00]}  Rc8 {[%clk 0:00:00]} 21. Ne4 {[%clk 0:00:00]}  Qb7 {[%clk 0:00:00]} 22. Qg2 {[%clk 0:00:00]}  Qa7 {[%clk 0:00:00]} 23. Qe2 {[%clk 0:00:00]}  Bd8 {[%clk 0:00:00]} 24. h5 {[%clk 0:00:00]}  fxg5 {[%clk 0:00:00]} 25. h6 {[%clk 0:00:00]}  Rc7 {[%clk 0:00:00]} 26. b3 {[%clk 0:00:00]}  Na5 {[%clk 0:00:00]} 27. Be3 {[%clk 0:00:00]}  Qb7 {[%clk 0:00:00]} 28. Qd3 {[%clk 0:00:00]}  Rd7 {[%clk 0:00:00]} 29. Bxg5 {[%clk 0:00:00]} 1-0

[Event "45th FIDE Chess Olympiad Open"]
[Site "Budapest, Hungary"]
[Date "2024.09.12"]
[Round "2"]
[White "Ferreira, Jorge Viterbo"]
[Black "Tabatabaei, M. Amin"]
[Result "1/2-1/2"]
[Board "37"]
[WhiteFideId "1910850"]
[BlackFideId "12521213"]
[WhiteTitle "GM"]
[BlackTitle "GM"]
[WhiteElo "2535"]
[BlackElo "2714"]
[WhiteTeam "Portugal"]
[BlackTeam "Iran"]
[WhiteClock "0:04:32"]
[BlackClock "0:05:27"]
[Variant "Standard"]

1. e4 {[%clk 1:30:57]}  c5 {[%clk 1:30:38]} 2. Nf3 {[%clk 1:31:18]}  d6 {[%clk 1:30:59]} 3. Bb5+ {[%clk 1:31:39]}  Nd7 {[%clk 1:30:54]} 4. d4 {[%clk 1:31:52]}  cxd4 {[%clk 1:31:13]} 5. Nxd4 {[%clk 1:32:12]}  Ngf6 {[%clk 1:31:15]} 6. Bd3 {[%clk 1:32:30]}  Nc5 {[%clk 1:30:55]} 7. Nc3 {[%clk 1:32:50]}  a6 {[%clk 1:31:07]} 8. Bg5 {[%clk 1:32:13]}  e6 {[%clk 1:28:57]} 9. Nb3 {[%clk 1:31:05]}  Ncd7 {[%clk 1:26:30]} 10. a4 {[%clk 1:06:21]}  b6 {[%clk 1:25:10]} 11. O-O {[%clk 1:01:19]}  Be7 {[%clk 1:25:12]} 12. f4 {[%clk 0:54:19]}  h6 {[%clk 1:12:19]} 13. Bh4 {[%clk 0:54:04]}  e5 {[%clk 1:12:30]} 14. fxe5 {[%clk 0:34:07]}  Nxe5 {[%clk 1:09:12]} 15. Nd4 {[%clk 0:31:50]}  O-O {[%clk 1:07:39]} 16. Nf5 {[%clk 0:29:18]}  Bxf5 {[%clk 1:07:27]} 17. Rxf5 {[%clk 0:29:30]}  Nd5 {[%clk 1:02:47]} 18. Nxd5 {[%clk 0:27:33]}  Bxh4 {[%clk 1:03:05]} 19. Qe2 {[%clk 0:26:37]}  g6 {[%clk 0:41:13]} 20. Rff1 {[%clk 0:26:36]}  Qc8 {[%clk 0:41:05]} 21. Qe3 {[%clk 0:22:04]}  Qc5 {[%clk 0:27:04]} 22. Qxc5 {[%clk 0:21:40]}  bxc5 {[%clk 0:27:20]} 23. Be2 {[%clk 0:21:34]}  Kg7 {[%clk 0:24:03]} 24. c3 {[%clk 0:15:52]}  a5 {[%clk 0:16:46]} 25. b3 {[%clk 0:06:34]}  Bg5 {[%clk 0:15:19]} 26. g3 {[%clk 0:06:40]}  h5 {[%clk 0:15:09]} 27. h4 {[%clk 0:06:44]}  Bh6 {[%clk 0:15:06]} 28. Bb5 {[%clk 0:06:14]}  Ra7 {[%clk 0:13:07]} 29. Nb6 {[%clk 0:05:01]}  f5 {[%clk 0:07:12]} 30. exf5 {[%clk 0:04:24]}  gxf5 {[%clk 0:07:41]} 31. Rad1 {[%clk 0:04:15]}  Kh7 {[%clk 0:05:43]} 32. Rxd6 {[%clk 0:03:38]}  Rg7 {[%clk 0:05:22]} 33. Nd7 {[%clk 0:03:29]}  Nxd7 {[%clk 0:05:14]} 34. Rxd7 {[%clk 0:03:52]}  Rxd7 {[%clk 0:04:51]} 35. Bxd7 {[%clk 0:04:16]}  f4 {[%clk 0:05:18]} 36. gxf4 {[%clk 0:04:09]}  Rxf4 {[%clk 0:05:27]} 37. Rxf4 {[%clk 0:04:32]} 1/2-1/2

[Event "45th FIDE Chess Olympiad Open"]
[Site "Budapest, Hungary"]
[Date "2024.09.12"]
[Round "2"]
[White "Amilal Munkhdalai"]
[Black "Vykouk, Jan"]
[Result "1/2-1/2"]
[Board "76"]
[WhiteFideId "4903250"]
[BlackFideId "349658"]
[WhiteTitle "IM"]
[BlackTitle "IM"]
[WhiteElo "2374"]
[BlackElo "2483"]
[WhiteTeam "Mongolia"]
[BlackTeam "Czech Republic"]
[WhiteClock "0:10:31"]
[BlackClock "0:07:30"]
[Variant "Standard"]

1. e4 {[%clk 1:30:59]}  c5 {[%clk 1:30:54]} 2. Nf3 {[%clk 1:31:26]}  d6 {[%clk 1:31:15]} 3. Bb5+ {[%clk 1:31:51]}  Nd7 {[%clk 1:31:26]} 4. O-O {[%clk 1:31:46]}  Ngf6 {[%clk 1:30:37]} 5. Re1 {[%clk 1:32:04]}  a6 {[%clk 1:30:12]} 6. Bd3 {[%clk 1:31:07]}  Qc7 {[%clk 1:28:36]} 7. c3 {[%clk 1:29:34]}  b5 {[%clk 1:28:41]} 8. Bc2 {[%clk 1:27:18]}  Bb7 {[%clk 1:29:04]} 9. d3 {[%clk 1:25:48]}  e6 {[%clk 1:29:17]} 10. Nbd2 {[%clk 1:26:10]}  Be7 {[%clk 1:29:35]} 11. Nf1 {[%clk 1:20:57]}  Rc8 {[%clk 1:29:37]} 12. Ng3 {[%clk 1:20:10]}  O-O {[%clk 1:29:55]} 13. Bd2 {[%clk 1:18:58]}  Rfd8 {[%clk 1:26:19]} 14. Rc1 {[%clk 1:17:34]}  Qb8 {[%clk 1:21:44]} 15. d4 {[%clk 1:06:34]}  cxd4 {[%clk 1:17:38]} 16. cxd4 {[%clk 1:07:02]}  Qa8 {[%clk 1:17:08]} 17. Qe2 {[%clk 1:04:11]}  d5 {[%clk 1:01:14]} 18. e5 {[%clk 1:02:39]}  Ne4 {[%clk 1:01:39]} 19. Nxe4 {[%clk 0:34:34]}  dxe4 {[%clk 1:02:04]} 20. Bxe4 {[%clk 0:35:00]}  Bxe4 {[%clk 1:02:22]} 21. Qxe4 {[%clk 0:35:19]}  Qxe4 {[%clk 1:02:20]} 22. Rxe4 {[%clk 0:35:42]}  Rxc1+ {[%clk 1:02:32]} 23. Bxc1 {[%clk 0:36:11]}  Rc8 {[%clk 1:02:51]} 24. Re1 {[%clk 0:36:28]}  Rc2 {[%clk 1:02:51]} 25. Rd1 {[%clk 0:35:17]}  Nb6 {[%clk 0:53:56]} 26. Ne1 {[%clk 0:34:31]}  Rc4 {[%clk 0:53:44]} 27. b3 {[%clk 0:29:00]}  Rc8 {[%clk 0:54:03]} 28. Bd2 {[%clk 0:26:39]}  Nd5 {[%clk 0:54:23]} 29. Kf1 {[%clk 0:26:07]}  Ba3 {[%clk 0:54:45]} 30. Rb1 {[%clk 0:23:47]}  Kf8 {[%clk 0:46:46]} 31. Ke2 {[%clk 0:21:54]}  Ke8 {[%clk 0:43:14]} 32. Kd1 {[%clk 0:13:39]}  a5 {[%clk 0:29:00]} 33. Nc2 {[%clk 0:13:27]}  Be7 {[%clk 0:20:12]} 34. Rc1 {[%clk 0:13:26]}  Ra8 {[%clk 0:08:22]} 35. Ne3 {[%clk 0:05:44]}  Nf4 {[%clk 0:08:50]} 36. Rc2 {[%clk 0:04:29]}  a4 {[%clk 0:08:53]} 37. g3 {[%clk 0:03:13]}  axb3 {[%clk 0:07:22]} 38. axb3 {[%clk 0:03:42]}  Nh3 {[%clk 0:07:28]} 39. Ke2 {[%clk 0:01:31]}  Ng1+ {[%clk 0:07:54]} 40. Kd3 {[%clk 0:00:58]}  Ra3 {[%clk 0:02:34]} 41. Rb2 {[%clk 0:27:41]}  Nf3 {[%clk 0:32:54]} 42. h4 {[%clk 0:24:58]}  f6 {[%clk 0:17:30]} 43. exf6 {[%clk 0:20:59]}  Bxf6 {[%clk 0:17:52]} 44. Bc3 {[%clk 0:19:55]}  Ra1 {[%clk 0:15:27]} 45. Ke4 {[%clk 0:16:50]}  Ng1 {[%clk 0:11:42]} 46. Rc2 {[%clk 0:10:21]}  Ra3 {[%clk 0:09:45]} 47. d5 {[%clk 0:10:10]}  Bxc3 {[%clk 0:08:18]} 48. Rxc3 {[%clk 0:10:38]}  exd5+ {[%clk 0:07:12]} 49. Nxd5 {[%clk 0:10:31]}  Ra2 {[%clk 0:07:30]} 1/2-1/2

[Event "45th FIDE Chess Olympiad Open"]
[Site "Budapest, Hungary"]
[Date "2024.09.12"]
[Round "2"]
[White "Mastrovasilis, Dimitrios"]
[Black "Escalona Landi, Samid Eduardo"]
[Result "1/2-1/2"]
[Board "91"]
[WhiteFideId "4202694"]
[BlackFideId "3937437"]
[WhiteTitle "GM"]
[BlackTitle "FM"]
[WhiteElo "2550"]
[BlackElo "2305"]
[WhiteTeam "Greece"]
[BlackTeam "Venezuela"]
[WhiteClock "0:04:07"]
[BlackClock "0:06:03"]
[Variant "Standard"]

1. e4 {[%clk 1:30:55]}  c5 {[%clk 1:30:43]} 2. Nf3 {[%clk 1:31:14]}  d6 {[%clk 1:30:57]} 3. Bb5+ {[%clk 1:31:27]}  Nd7 {[%clk 1:30:39]} 4. a4 {[%clk 1:31:06]}  Ngf6 {[%clk 1:31:00]} 5. Nc3 {[%clk 1:31:17]}  g6 {[%clk 1:30:50]} 6. a5 {[%clk 1:30:12]}  Bg7 {[%clk 1:30:58]} 7. O-O {[%clk 1:29:54]}  a6 {[%clk 1:31:16]} 8. Be2 {[%clk 1:29:47]}  O-O {[%clk 1:31:38]} 9. Re1 {[%clk 1:28:00]}  b5 {[%clk 1:31:52]} 10. axb6 {[%clk 1:28:19]}  Bb7 {[%clk 1:32:16]} 11. Bf1 {[%clk 1:27:06]}  Nxb6 {[%clk 1:31:50]} 12. d3 {[%clk 1:26:40]}  a5 {[%clk 1:32:07]} 13. Bg5 {[%clk 1:21:56]}  h6 {[%clk 1:32:25]} 14. Bd2 {[%clk 1:12:43]}  e5 {[%clk 1:29:38]} 15. Ne2 {[%clk 0:54:05]}  a4 {[%clk 1:29:40]} 16. c4 {[%clk 0:53:42]}  Ne8 {[%clk 1:29:08]} 17. Nc3 {[%clk 0:53:15]}  Bc6 {[%clk 1:29:12]} 18. b3 {[%clk 0:53:00]}  Qd7 {[%clk 1:28:40]} 19. Nd5 {[%clk 0:39:49]}  Bxd5 {[%clk 1:25:47]} 20. cxd5 {[%clk 0:39:33]}  Nc7 {[%clk 1:26:10]} 21. bxa4 {[%clk 0:38:54]}  Nxa4 {[%clk 1:25:54]} 22. Qc2 {[%clk 0:37:32]}  Rfb8 {[%clk 1:26:03]} 23. Reb1 {[%clk 0:36:38]}  Rxb1 {[%clk 1:25:33]} 24. Qxb1 {[%clk 0:31:49]}  Qc8 {[%clk 1:07:40]} 25. Be2 {[%clk 0:30:08]}  Rb8 {[%clk 1:02:48]} 26. Qc1 {[%clk 0:26:15]}  Nb6 {[%clk 1:03:13]} 27. Bxh6 {[%clk 0:25:35]}  Na6 {[%clk 1:02:44]} 28. h4 {[%clk 0:22:40]}  c4 {[%clk 0:45:43]} 29. dxc4 {[%clk 0:12:38]}  Nc5 {[%clk 0:46:04]} 30. Bxg7 {[%clk 0:10:29]}  Kxg7 {[%clk 0:46:26]} 31. Qe3 {[%clk 0:08:31]}  Nbd7 {[%clk 0:38:13]} 32. Nd2 {[%clk 0:07:33]}  Qh8 {[%clk 0:34:12]} 33. g3 {[%clk 0:06:53]}  Nf6 {[%clk 0:34:13]} 34. Ra2 {[%clk 0:04:50]}  Rb7 {[%clk 0:30:23]} 35. Kg2 {[%clk 0:04:49]}  Qb8 {[%clk 0:29:11]} 36. g4 {[%clk 0:01:09]}  Qh8 {[%clk 0:22:58]} 37. Kg3 {[%clk 0:01:15]}  Qd8 {[%clk 0:10:47]} 38. Bd1 {[%clk 0:01:03]}  Nh7 {[%clk 0:10:32]} 39. g5 {[%clk 0:00:47]}  f6 {[%clk 0:10:47]} 40. gxf6+ {[%clk 0:00:38]}  Qxf6 {[%clk 0:10:48]} 41. Bg4 {[%clk 0:25:56]}  Qf8 {[%clk 0:19:20]} 42. Kg2 {[%clk 0:16:27]}  Qd8 {[%clk 0:19:04]} 43. Qg3 {[%clk 0:14:17]}  Nf6 {[%clk 0:18:37]} 44. Bf3 {[%clk 0:05:39]}  Kh7 {[%clk 0:15:54]} 45. Ra3 {[%clk 0:04:12]}  Qf8 {[%clk 0:13:23]} 46. Qg5 {[%clk 0:03:49]}  Rf7 {[%clk 0:13:30]} 47. Qe3 {[%clk 0:02:54]}  Nfd7 {[%clk 0:09:57]} 48. Bg4 {[%clk 0:02:08]}  Nf6 {[%clk 0:10:21]} 49. Bf3 {[%clk 0:01:43]}  Nfd7 {[%clk 0:10:43]} 50. Ra7 {[%clk 0:00:41]}  Rf4 {[%clk 0:10:54]} 51. Nb3 {[%clk 0:00:50]}  Qb8 {[%clk 0:09:34]} 52. Ra3 {[%clk 0:01:05]}  Qd8 {[%clk 0:09:35]} 53. Nd4 {[%clk 0:00:38]}  Qf6 {[%clk 0:06:20]} 54. Ne6 {[%clk 0:00:35]}  Nxe6 {[%clk 0:06:32]} 55. dxe6 {[%clk 0:01:01]}  Qxe6 {[%clk 0:06:53]} 56. Ra7 {[%clk 0:01:02]}  Kh6 {[%clk 0:07:03]} 57. Qd2 {[%clk 0:00:46]}  Nc5 {[%clk 0:06:07]} 58. Rc7 {[%clk 0:00:40]}  Qf6 {[%clk 0:06:10]} 59. Rc6 {[%clk 0:00:32]}  Qxh4 {[%clk 0:06:05]} 60. Qxd6 {[%clk 0:00:34]}  Qg5+ {[%clk 0:05:26]} 61. Kf1 {[%clk 0:01:03]}  Nxe4 {[%clk 0:01:17]} 62. Bxe4 {[%clk 0:01:11]}  Rxe4 {[%clk 0:01:42]} 63. Qf8+ {[%clk 0:01:16]}  Kh5 {[%clk 0:02:01]} 64. Qh8+ {[%clk 0:00:54]}  Qh6 {[%clk 0:02:14]} 65. Qxh6+ {[%clk 0:00:44]}  Kxh6 {[%clk 0:02:38]} 66. Kg2 {[%clk 0:01:12]}  Rf4 {[%clk 0:02:16]} 67. Rc8 {[%clk 0:00:45]}  Kg5 {[%clk 0:02:16]} 68. Kg3 {[%clk 0:01:05]}  Rd4 {[%clk 0:01:39]} 69. Kf3 {[%clk 0:01:16]}  Kf5 {[%clk 0:02:00]} 70. Ke3 {[%clk 0:00:59]}  Ke6 {[%clk 0:02:17]} 71. c5 {[%clk 0:00:45]}  Rc4 {[%clk 0:02:07]} 72. c6 {[%clk 0:00:45]}  Kd6 {[%clk 0:02:25]} 73. Rg8 {[%clk 0:00:38]}  Rxc6 {[%clk 0:02:04]} 74. Rxg6+ {[%clk 0:00:52]}  Kd5 {[%clk 0:02:30]} 75. Rxc6 {[%clk 0:00:49]}  Kxc6 {[%clk 0:02:54]} 76. Ke4 {[%clk 0:01:15]}  Kd6 {[%clk 0:03:21]} 77. f4 {[%clk 0:01:41]}  Ke6 {[%clk 0:03:31]} 78. fxe5 {[%clk 0:02:06]}  Ke7 {[%clk 0:03:54]} 79. Kd5 {[%clk 0:02:30]}  Kd7 {[%clk 0:04:20]} 80. e6+ {[%clk 0:02:56]}  Ke7 {[%clk 0:04:47]} 81. Ke5 {[%clk 0:03:22]}  Ke8 {[%clk 0:05:11]} 82. Kf6 {[%clk 0:03:47]}  Kf8 {[%clk 0:05:38]} 83. e7+ {[%clk 0:04:12]}  Ke8 {[%clk 0:06:03]} 84. Ke6 {[%clk 0:04:07]} 1/2-1/2